Every 100k+ City in North Asia on a Map [2025] (by urban area) - Statistics

General Stats
  • This quiz has been taken 110 times
  • The average score is 44 of 115
Answers on the Map
Answers color-coded by a green-red scale on the quiz's map according to % correct below.
 
Answer Stats
Country Region (if applicable) Population City % Correct
Kazakhstan 1,454,042 Astana
100%
Kazakhstan 2,352,207 Almaty
97%
Uzbekistan 3,436,966 Toshkent
97%
Kyrgyzstan 1,265,725 Bishkek
93%
Turkmenistan 1,107,662 Aşgabat
90%
Russia Dal'nevostoch 644,648 Vladivostok
90%
Tajikistan 1,360,428 Dushanbe
87%
Russia Siberiya 656,580 Irkutsk
87%
Russia Ural 1,614,108 Jekaterinburg
87%
Russia Siberiya 1,778,154 Novosibirsk
87%
Russia Siberiya 1,136,445 Omsk
87%
Russia Ural 1,243,753 Cheljabinsk
83%
Russia Siberiya 1,204,878 Krasnojarsk
77%
Russia Siberiya 617,469 Tomsk
77%
Russia Dal'nevostoch 338,640 Jakutsk
73%
Uzbekistan 735,451 Samarqand
70%
Kazakhstan 1,348,827 Shymkent
67%
Kyrgyzstan 385,559 Osh
63%
Kazakhstan 204,747 Petropavl
60%
Russia Ural 965,358 Tjumen'
60%
Russia Dal'nevostoch 441,535 Ulan-Udè
60%
Russia Siberiya 651,648 Barnaul
57%
Russia Dal'nevostoch 340,127 Chita
57%
Kazakhstan 498,411 Qaraǵandy
57%
Turkmenistan 349,365 Türkmenabat
53%
Kazakhstan 290,788 Atyraý
50%
Russia Dal'nevostoch 181,382 Juzhno-Sakhalinsk
50%
Russia Siberiya 570,674 Kemerovo
50%
Russia Dal'nevostoch 643,162 Khabarovsk
50%
Russia Siberiya 127,440 Kyzyl
50%
Russia Ural 421,566 Magnitogorsk
50%
Russia Siberiya 174,453 Noril'sk
50%
Russia Dal'nevostoch 166,867 Petropavlovsk-Kamchatskij
50%
Uzbekistan 282,185 Buxoro
47%
Turkmenistan 361,330 Mary
47%
Uzbekistan 862,121 Namangan
47%
Uzbekistan 330,004 Nukus
47%
Kazakhstan 568,186 Aqtóbe
43%
Kazakhstan 346,166 Óskemen
43%
Kazakhstan 333,372 Pavlodar
43%
Kazakhstan 295,134 Qyzylorda
43%
Kazakhstan 321,176 Semeı
43%
Russia Ural 435,238 Surgut
43%
Uzbekistan 611,429 Andijon
40%
Russia Siberiya 192,587 Bratsk
40%
Russia Dal'nevostoch 237,757 Komsomol'sk-na-Amure
40%
Russia Ural 304,687 Kurgan
40%
Kazakhstan 258,312 Oral
40%
Kazakhstan 269,892 Qostanaı
40%
Kyrgyzstan 147,517 Zhalal-Abat
40%
Kazakhstan 294,623 Aqtaý
37%
Kazakhstan 170,653 Kókshetaý
37%
Russia Siberiya 526,165 Novokuznetsk
37%
Kazakhstan 391,043 Taraz
37%
Russia Siberiya 222,179 Angarsk
33%
Turkmenistan 328,192 Daşoguz
33%
Russia Ural 119,570 Khanty-Mansijsk
33%
Uzbekistan 353,702 Qo'qon
33%
Turkmenistan 165,671 Balkanabat
30%
Russia Dal'nevostoch 243,672 Blagoveshchensk
30%
Uzbekistan 240,551 Jizzax
30%
Tajikistan 240,947 Khujand
30%
Russia Ural 345,006 Nizhniy Tagil
30%
Russia Ural 107,338 Novyj Urengoj
30%
Uzbekistan 123,625 Xiva
30%
Russia Siberiya 199,661 Abakan
27%
Russia Siberiya 192,693 Bijsk
27%
Uzbekistan 440,631 Farg'ona
27%
Tajikistan 131,828 Kūlob
27%
Uzbekistan 179,044 Navoiy
27%
Russia Ural 270,515 Nizhnevartovsk
27%
Kazakhstan 173,491 Temirtaý
27%
Kazakhstan 226,724 Túrkistan
27%
Uzbekistan 188,479 Urganch
27%
Uzbekistan 257,900 Marg'ilon
23%
Russia Ural 151,053 Miass
23%
Uzbekistan 145,010 Olmaliq
23%
Uzbekistan 361,086 Qarshi
23%
Kazakhstan 173,860 Taldyqorǵan
23%
Uzbekistan 226,760 Termiz
23%
Tajikistan 130,078 Bokhtar
20%
Kazakhstan 129,000 Ekibastuz
20%
Russia Ural 151,702 Kopejsk
20%
Russia Dal'nevostoch 132,136 Nakhodka
20%
Russia Ural 114,450 Pervoural'sk
20%
Russia Dal'nevostoch 188,564 Ussurijsk
20%
Russia Ural 158,824 Zlatoust
20%
Uzbekistan 185,031 Angren
17%
Russia Siberiya 104,947 Berdsk
17%
Russia Siberiya 177,819 Prokopjevsk
17%
Russia Siberiya 132,774 Rubtsovsk
17%
Kazakhstan 112,104 Rýdnyj
17%
Russia Siberiya 106,648 Seversk
17%
Uzbekistan 189,131 Shahrisabz
17%
Russia Ural 100,592 Tobol'sk
17%
Russia Siberiya 103,673 Achinsk
13%
Russia Dal'nevostoch 112,200 Artjom
13%
Uzbekistan 104,101 Bekobod
13%
Uzbekistan 161,075 Chirchiq
13%
Uzbekistan 130,816 Kattaqo'rg'on
13%
Russia Ural 100,188 Nojabr'sk
13%
Russia Ural 168,482 Kamensk-Ural'skij
10%
Russia Ural 125,422 Neftejugansk
10%
Uzbekistan 109,018 Quva
10%
Uzbekistan 105,295 Chust
7%
Uzbekistan 160,125 Denov
7%
Uzbekistan 131,104 G'ijduvon
7%
Uzbekistan 157,142 Hazorasp
7%
Uzbekistan 104,018 Koson
7%
Uzbekistan 118,936 Kosonsoy
7%
Uzbekistan 199,008 Oltiariq
7%
Uzbekistan 140,535 Shahrixon
7%
Uzbekistan 115,256 To'rtko'l
7%
Uzbekistan 102,658 Urgut
7%
Uzbekistan 193,423 Yangoqo'rg'on
7%
No matching quizzes found
Score Distribution
Percent of People with Each Score
Percentile by Number Answered
Your Score History
You have not taken this quiz